[Event "CGC KO 2022"]
[Site "chess.com INT"]
[Date "2022.09.21"]
[Round "2.5"]
[White "Kamsky, Gata"]
[Black "Andreikin, Dmitry"]
[Result "0-1"]
[WhiteTitle "GM"]
[BlackTitle "GM"]
[WhiteElo "2666"]
[BlackElo "2729"]
[WhiteFideId "2000024"]
[BlackFideId "4158814"]
[EventDate "2022.09.14"]
[EventType "k.o."]

1. e4 c5 2. Nf3 e6 3. g3 Nc6 4. Bg2 Nf6 5. d3 d5 6. Nbd2 Be7 7. O-O O-O 8. Re1
b5 9. e5 Nd7 10. Nf1 b4 11. h4 a5 12. N1h2 Ba6 13. Ng4 Qc7 14. Bg5 Rfc8 15. Bxe7
Nxe7 16. Ng5 h6 17. Nh3 Nf5 18. Nf4 c4 19. d4 c3 20. Ne3 Nxe3 21. fxe3 cxb2 22.
Rb1 Qxc2 23. Qg4 Qxb1 24. Rxb1 Rc1+ 25. Kh2 Rxb1 26. Nxe6 fxe6 27. Qxe6+ Kh8 28.
Bxd5 Rd1 29. Bxa8 b1=Q 30. Qxa6 Rd2+ 31. Kh3 Qf5+ 32. g4 Qf2 33. Qc8+ Nf8 0-1

[Event "CGC KO 2022"]
[Site "chess.com INT"]
[Date "2022.09.24"]
[Round "2.5"]
[White "Nepomniachtchi, Ian"]
[Black "Svidler, Peter"]
[Result "1-0"]
[WhiteTitle "GM"]
[BlackTitle "GM"]
[WhiteElo "2792"]
[BlackElo "2683"]
[WhiteFideId "4168119"]
[BlackFideId "4102142"]
[EventDate "2022.09.14"]
[EventType "k.o."]

1. c4 g6 2. e4 e5 3. d4 Nf6 4. Nf3 exd4 5. e5 Bb4+ 6. Bd2 Qe7 7. Bxb4 Qxb4+ 8.
Nbd2 O-O 9. Bd3 Nh5 10. O-O Nc6 11. Nb3 Qe7 12. Re1 d6 13. exd6 Qxd6 14. Be4 Rd8
15. Bd5 Nf6 16. Nbxd4 Nxd4 17. Qxd4 Nxd5 18. cxd5 Be6 19. Qh4 Bxd5 20. Rad1 f6
21. h3 c6 22. Nh2 h5 23. Nf1 Re8 24. Ne3 Kg7 25. Qd4 b6 26. b4 Rad8 27. b5 Qe5
28. Qa4 cxb5 29. Qxa7+ Bf7 30. Rxd8 Rxd8 31. Rc1 Rd2 32. Rc7 Qe6 33. Re7 Qxa2
34. Qc7 Rxf2 35. Qg3 Re2 36. Kh2 Rxe3 37. Qxe3 Qc4 38. Rb7 b4 39. Rxb6 b3 40.
Qg3 h4 41. Qd6 Qc3 42. Qb8 g5 43. Rb5 Kg6 44. Qd6 Bc4 45. Rb6 Kf5 46. Qd7+ Kg6
47. Qc7 Kf5 48. Qh7+ Kf4 49. Qb1 Ke3 50. Qg1+ Kd2 51. Rd6+ Bd3 52. Qf2+ Kc1 53.
Qg1+ Kb2 54. Kh1 Bc2 55. Ra6 Bb1 56. Qf2+ Bc2 57. Qf1 Bb1 58. Rxf6 Be4 59. Qf2+
Qc2 60. Qd4+ Qc3 61. Rf2+ 1-0

[Event "CGC KO 2022"]
[Site "chess.com INT"]
[Date "2022.09.24"]
[Round "2.5"]
[White "Ponkratov, Pavel"]
[Black "Abdusattorov, Nodirbek"]
[Result "1-0"]
[WhiteTitle "GM"]
[BlackTitle "GM"]
[WhiteElo "2593"]
[BlackElo "2713"]
[WhiteFideId "4157800"]
[BlackFideId "14204118"]
[EventDate "2022.09.14"]
[EventType "k.o."]

1. e4 e5 2. Nc3 Nc6 3. f4 d6 4. fxe5 dxe5 5. Nf3 Be6 6. Bb5 Bd6 7. Bxc6+ bxc6 8.
O-O f6 9. d3 Ne7 10. Be3 a5 11. Na4 O-O 12. b3 Ng6 13. Qd2 Bb4 14. Qf2 Rf7 15.
Nc5 Bxc5 16. Bxc5 a4 17. Qe3 axb3 18. cxb3 Bg4 19. Ne1 Rd7 20. Rf2 Ra5 21. a4
Ra8 22. a5 Nf4 23. d4 Ne6 24. dxe5 fxe5 25. h3 Bh5 26. Rf5 Bg6 27. Rxe5 Qf6 28.
Nf3 Bh5 29. Rf1 Bxf3 30. Rf5 Qd8 31. R5xf3 Rxa5 32. b4 Rxc5 33. bxc5 h6 34. Qb3
Qe7 35. Kh1 Kh7 36. Rf7 Qe8 37. Rxd7 Qxd7 38. Qc2 Qd4 39. e5+ Kh8 40. Rd1 Qxe5
41. Qg6 Kg8 42. Rb1 Qd5 43. Rb8+ Nf8 44. Qe8 Qf5 45. Qe3 Kh7 46. Re8 Nd7 47. Kh2
Qd5 48. Re7 Nf6 49. Qg3 Nh5 50. Qxc7 Qd2 51. Qe5 1-0

[Event "CGC KO 2022"]
[Site "chess.com INT"]
[Date "2022.09.21"]
[Round "2.5"]
[White "Sevian, Samuel"]
[Black "Vachier-Lagrave, Maxime"]
[Result "1-0"]
[WhiteTitle "GM"]
[BlackTitle "GM"]
[WhiteElo "2684"]
[BlackElo "2757"]
[WhiteFideId "2040506"]
[BlackFideId "623539"]
[EventDate "2022.09.14"]
[EventType "k.o."]

1. c4 e5 2. g3 c6 3. Nf3 e4 4. Nd4 d5 5. cxd5 Qxd5 6. Nc2 Nf6 7. Nc3 Qe5 8. Bg2
Be7 9. Ne3 Na6 10. a3 O-O 11. b4 Re8 12. Bb2 Qe6 13. O-O Nc7 14. Qc2 Bd6 15. f3
exf3 16. Rxf3 Be5 17. Raf1 Qe7 18. Nf5 Bxf5 19. Rxf5 Qd7 20. e3 Rad8 21. d4 Bd6
22. e4 Ne6 23. Ne2 Be7 24. Qc1 Rf8 25. Kh1 Rde8 26. d5 cxd5 27. exd5 Nc7 28. Rg5
h6 29. Rxg7+ Kxg7 30. d6 Qxd6 31. Nd4 1-0

[Event "CGC KO 2022"]
[Site "chess.com INT"]
[Date "2022.10.02"]
[Round "3.1"]
[White "Aronian, Levon"]
[Black "Sevian, Samuel"]
[Result "1/2-1/2"]
[WhiteTitle "GM"]
[BlackTitle "GM"]
[WhiteElo "2759"]
[BlackElo "2684"]
[WhiteFideId "13300474"]
[BlackFideId "2040506"]
[EventDate "2022.09.14"]
[EventType "k.o."]

1. e4 e5 2. Nf3 Nc6 3. Bb5 a6 4. Ba4 Nf6 5. O-O Nxe4 6. d4 b5 7. Bb3 d5 8. dxe5
Be6 9. c3 Be7 10. Qe2 O-O 11. Bc2 f5 12. exf6 Rxf6 13. Ng5 Bf5 14. Nxe4 dxe4 15.
Nd2 e3 16. Bxf5 Rxf5 17. Qxe3 Qd7 18. Ne4 Re8 19. Qe2 Bd6 20. f3 Ne5 21. Be3 Ng4
22. Nxd6 Rxe3 23. Qd1 cxd6 24. fxg4 Rxf1+ 25. Kxf1 Qe6 26. Qd2 h6 27. Kf2 Re4
28. h3 Qf7+ 29. Kg1 Qe6 30. b3 Re2 31. Qd3 Qe5 32. Rd1 Rxa2 33. Qxd6 Qxd6 34.
Rxd6 Ra3 35. b4 Rxc3 36. Rxa6 Rc4 37. g5 hxg5 38. Rg6 Rxb4 39. Rxg5 Kf7 1/2-1/2

[Event "CGC KO 2022"]
[Site "chess.com INT"]
[Date "2022.10.03"]
[Round "3.1"]
[White "Caruana, Fabiano"]
[Black "Andreikin, Dmitry"]
[Result "1/2-1/2"]
[WhiteTitle "GM"]
[BlackTitle "GM"]
[WhiteElo "2758"]
[BlackElo "2729"]
[WhiteFideId "2020009"]
[BlackFideId "4158814"]
[EventDate "2022.09.14"]
[EventType "k.o."]

1. e4 e6 2. d4 d5 3. Nc3 Bb4 4. e5 c5 5. a3 Bxc3+ 6. bxc3 Qa5 7. Bd2 Qa4 8. Nf3
Ne7 9. h4 Nbc6 10. h5 h6 11. Bd3 c4 12. Be2 Bd7 13. O-O O-O-O 14. Nh2 Rdg8 15.
Ng4 Kb8 16. Ne3 Ka8 17. g3 Nf5 18. Nxf5 exf5 19. Kg2 Be6 20. Rh1 Rh7 21. Rh4
Rgh8 22. Qc1 a6 23. Qb2 g5 24. hxg6 fxg6 25. Rah1 h5 26. Ra1 Ka7 27. Bg5 Rg8 28.
Rhh1 b6 29. Rhb1 Rb7 30. Qc1 Bf7 31. Bf3 Nd8 32. Bxd8 Rxd8 33. Qg5 Re8 34. Rb2
Qd7 35. Rab1 Qe7 36. Qxe7 Rexe7 37. Be2 g5 38. Rh1 g4 39. f3 Bg6 40. Kf2 Rh7 41.
Ke3 f4+ 42. gxf4 g3 43. Rh4 Rbg7 44. Rb1 Bxc2 45. Rg1 b5 46. Bf1 Bf5 47. Bh3
Bxh3 48. Rxh3 h4 49. f5 a5 50. f6 Rc7 51. Kf4 b4 52. axb4 axb4 53. cxb4 c3 54.
e6 c2 55. Rc1 g2 56. e7 Rh8 57. Kf5 Rg8 58. f7 g1=Q 59. Rxg1 Rxg1 60. e8=Q c1=Q
61. Qa4+ Kb7 62. Qb5+ Ka7 63. Qa5+ Kb7 64. Qb5+ Ka7 65. Qa5+ Kb7 66. Qb5+ 1/2-1/2

[Event "CGC KO 2022"]
[Site "chess.com INT"]
[Date "2022.10.05"]
[Round "3.1"]
[White "Duda, Jan-Krzysztof"]
[Black "Sarana, Alexey"]
[Result "1-0"]
[WhiteTitle "GM"]
[BlackTitle "GM"]
[WhiteElo "2731"]
[BlackElo "2662"]
[WhiteFideId "1170546"]
[BlackFideId "24133795"]
[EventDate "2022.09.14"]
[EventType "k.o."]

1. e4 c5 2. Nf3 d6 3. d4 cxd4 4. Nxd4 Nf6 5. Nc3 a6 6. g3 e5 7. Nb3 Be7 8. Bg5
Nbd7 9. a4 h6 10. Be3 b6 11. Bc4 Bb7 12. Qd3 O-O 13. O-O Qc7 14. Rfd1 Rfc8 15.
Nd2 Nc5 16. Bxc5 Qxc5 17. Bb3 Rab8 18. Nc4 Qb4 19. Ne3 Rxc3 20. bxc3 Qxe4 21.
Nd5 Bxd5 22. Bxd5 Qxd5 23. Qxd5 Nxd5 24. Rxd5 Rc8 25. Rb1 Rc6 26. c4 Rxc4 27.
Rxb6 Rxa4 28. Rb8+ Kh7 29. Rb7 Bf8 30. Rxf7 Kg8 31. Rc7 h5 32. Rd3 Rb4 33. Rc8
e4 34. Rxd6 Kf7 35. Rc7+ Ke8 36. Rxa6 1-0

[Event "CGC KO 2022"]
[Site "chess.com INT"]
[Date "2022.10.05"]
[Round "3.1"]
[White "Giri, Anish"]
[Black "Ponkratov, Pavel"]
[Result "1/2-1/2"]
[WhiteTitle "GM"]
[BlackTitle "GM"]
[WhiteElo "2764"]
[BlackElo "2593"]
[WhiteFideId "24116068"]
[BlackFideId "4157800"]
[EventDate "2022.09.14"]
[EventType "k.o."]

1. e4 e6 2. d4 d5 3. Nc3 Nf6 4. e5 Nfd7 5. f4 c5 6. Nf3 Nc6 7. Be3 Be7 8. a3 Rb8
9. dxc5 Bxc5 10. Bxc5 Nxc5 11. b4 Nd7 12. Bd3 f6 13. O-O O-O 14. b5 Ne7 15. exf6
gxf6 16. Nd4 Nc5 17. Kh1 Rf7 18. Qh5 Qf8 19. Rae1 Bd7 20. Rf3 f5 21. Rg3+ Rg7
22. Ree3 Kh8 23. Nce2 Rc8 24. Rxg7 Qxg7 25. Rg3 Ng6 26. Qf3 Ne4 27. Bxe4 dxe4
28. Qb3 Qf6 29. Rc3 Rxc3 30. Qxc3 e5 31. Qc7 exd4 32. Qxd7 d3 33. cxd3 exd3 34.
Qxd3 Nxf4 35. Qd4 Qxd4 36. Nxd4 Nd5 37. Nxf5 Nc3 38. Nd6 Kg7 39. Nxb7 Nxb5 40.
a4 Nd4 41. Kg1 Kf6 42. Kf2 Ke5 43. Kg3 Nf5+ 44. Kg4 Ne3+ 45. Kf3 Nc4 46. g4 a5
47. h4 Nd2+ 48. Kg2 Kf4 49. Kh3 Nc4 50. g5 Nb6 51. Nc5 Kf5 52. Kg3 Nc4 53. Nb3
Nb6 54. Nc5 Nc4 55. Kf3 Ne5+ 56. Kg3 Nc4 1/2-1/2

[Event "CGC KO 2022"]
[Site "chess.com INT"]
[Date "2022.10.02"]
[Round "3.1"]
[White "So, Wesley"]
[Black "Xiong, Jeffery"]
[Result "1-0"]
[WhiteTitle "GM"]
[BlackTitle "GM"]
[WhiteElo "2771"]
[BlackElo "2690"]
[WhiteFideId "5202213"]
[BlackFideId "2047640"]
[EventDate "2022.09.14"]
[EventType "k.o."]

1. e4 c6 2. d4 d5 3. exd5 cxd5 4. Bd3 Nf6 5. c3 Bg4 6. Qb3 Qc7 7. h3 Bh5 8. Ne2
Bxe2 9. Bf4 Qd7 10. Bxe2 Nc6 11. Nd2 e6 12. Nf3 Bd6 13. Bxd6 Qxd6 14. Qxb7 Rb8
15. Qa6 O-O 16. Rb1 Ne4 17. O-O f5 18. Qa4 Ne7 19. Ne5 Rb7 20. Qc2 Ng6 21. Nxg6
hxg6 22. Bd3 g5 23. Rbe1 Rfb8 24. b3 Rc7 25. Bxe4 dxe4 26. Qd2 Qf4 27. Re3 Rbc8
28. Rd1 Kh7 29. Qe1 g4 30. hxg4 Qxg4 31. Rh3+ Kg8 32. f3 Qg6 33. fxe4 fxe4 34.
c4 Qg4 35. Rh4 1-0

[Event "CGC KO 2022"]
[Site "chess.com INT"]
[Date "2022.10.03"]
[Round "3.2"]
[White "Andreikin, Dmitry"]
[Black "Caruana, Fabiano"]
[Result "1-0"]
[WhiteTitle "GM"]
[BlackTitle "GM"]
[WhiteElo "2729"]
[BlackElo "2758"]
[WhiteFideId "4158814"]
[BlackFideId "2020009"]
[EventDate "2022.09.14"]
[EventType "k.o."]

1. Nf3 Nf6 2. g3 c5 3. Bg2 Nc6 4. c4 d5 5. cxd5 Nxd5 6. Nc3 Nc7 7. a3 e5 8. b4
cxb4 9. axb4 Bxb4 10. Nxe5 O-O 11. Nxc6 bxc6 12. O-O a5 13. Bb2 Rb8 14. d3 Bg4
15. h3 Be6 16. Qc1 Nb5 17. Kh2 Nd4 18. Ne4 h6 19. Qf4 Re8 20. Nf6+ Qxf6 21. Qxf6
gxf6 22. Bxd4 Bd7 23. e3 Kg7 24. Rfc1 Rec8 25. Bc5 Rb5 26. d4 Bxc5 27. Rxc5 Rxc5
28. dxc5 Ra8 29. Ra4 f5 30. g4 fxg4 31. hxg4 Be6 32. Kg3 Kf6 33. Kf4 Bb3 34. Ra3
Be6 35. Ra4 Ke7 36. Ke5 f6+ 37. Kd4 Kd7 38. Kc3 Kc7 39. Bf3 Bd7 40. Bd1 Be6 41.
Rf4 Rf8 42. Ba4 Bd7 43. Kd4 Rb8 44. Kc3 Rb4 45. Bd1 Rxf4 46. exf4 Be6 47. f3 Bf7
48. Kd4 h5 49. Ke3 h4 50. Ba4 Kd7 51. f5 Bd5 52. Kf2 Ke7 53. f4 Be4 54. Kg1 Bf3
55. g5 Be4 56. Kh2 Bxf5 57. Bxc6 Kf7 58. Bb7 a4 59. c6 a3 60. c7 Kg6 61. Be4 a2
62. c8=Q a1=Q 63. Qxf5+ Kf7 64. Qxf6+ Qxf6 65. gxf6 Kxf6 66. Kh3 1-0

[Event "CGC KO 2022"]
[Site "chess.com INT"]
[Date "2022.10.05"]
[Round "3.2"]
[White "Ponkratov, Pavel"]
[Black "Giri, Anish"]
[Result "1/2-1/2"]
[WhiteTitle "GM"]
[BlackTitle "GM"]
[WhiteElo "2593"]
[BlackElo "2764"]
[WhiteFideId "4157800"]
[BlackFideId "24116068"]
[EventDate "2022.09.14"]
[EventType "k.o."]

1. d4 Nf6 2. c4 g6 3. f3 e6 4. e4 c5 5. d5 d6 6. Nc3 Bg7 7. Bd3 O-O 8. Nge2 Nbd7
9. Ng3 exd5 10. cxd5 h5 11. O-O h4 12. Nh1 Nh5 13. Be3 Ne5 14. Nf2 Nxd3 15. Qxd3
Bd7 16. a4 a6 17. Rab1 Qa5 18. Qd2 b5 19. axb5 axb5 20. Bh6 b4 21. Bxg7 Kxg7 22.
Ncd1 b3 23. Nc3 Qb4 24. Qg5 f6 25. Qe3 Qd4 26. Qc1 f5 27. Rd1 Qf6 28. Re1 Rfe8
29. Qd2 Qd4 30. Qxd4+ cxd4 31. Ne2 Ra4 32. Ra1 Rea8 33. Rxa4 Rxa4 34. Rd1 Ra2
35. Nxd4 Rxb2 36. Nd3 Ra2 37. Nxb3 Ba4 38. Rb1 Bxb3 39. Rxb3 fxe4 40. fxe4 Nf6
41. Rb4 Ra1+ 42. Kf2 Ng4+ 43. Ke2 Ra2+ 44. Rb2 Ra4 45. Nf2 Nxh2 46. Rb6 Ra2+ 47.
Ke1 Ra1+ 48. Ke2 Rg1 49. Rxd6 Rxg2 50. Rd7+ Kf6 51. Rh7 Ng4 52. Kf3 Rg3+ 53. Ke2
Rg2 54. Kf3 Rg3+ 55. Ke2 Rg2 1/2-1/2

[Event "CGC KO 2022"]
[Site "chess.com INT"]
[Date "2022.10.05"]
[Round "3.2"]
[White "Sarana, Alexey"]
[Black "Duda, Jan-Krzysztof"]
[Result "1/2-1/2"]
[WhiteTitle "GM"]
[BlackTitle "GM"]
[WhiteElo "2662"]
[BlackElo "2731"]
[WhiteFideId "24133795"]
[BlackFideId "1170546"]
[EventDate "2022.09.14"]
[EventType "k.o."]

1. d4 d5 2. c4 e6 3. Nc3 c6 4. Nf3 Nf6 5. Bg5 Nbd7 6. e3 Qa5 7. Nd2 dxc4 8. Bxf6
Nxf6 9. Nxc4 Qc7 10. g3 c5 11. Nb5 Qc6 12. Ne5 Qxh1 13. Nc7+ Ke7 14. Nxa8 g6 15.
Qa4 Bh6 16. Qxa7 Ne4 17. Nb6 Nxf2 18. Kxf2 Qxh2+ 19. Bg2 Bxe3+ 20. Kf3 Qh5+ 21.
g4 Qh2 22. Nxc8+ Kf6 23. Rf1 Bf4 24. Qa3 Rxc8 25. Rf2 cxd4 26. Ke4 Kg7 27. Qe7
Bxe5 28. Rxf7+ Kg8 29. Qxe6 Qxg2+ 30. Rf3+ Kg7 31. Qxe5+ Kh6 32. Qf4+ Kg7 33.
Qf6+ Kh6 34. Qh4+ Kg7 35. Qe7+ Kh6 36. g5+ Kh5 37. Qxh7+ Kxg5 38. Qe7+ Kh5 39.
Qh7+ Kg5 40. Qe7+ Kh5 41. Qh7+ Kg5 1/2-1/2

[Event "CGC KO 2022"]
[Site "chess.com INT"]
[Date "2022.10.02"]
[Round "3.2"]
[White "Sevian, Samuel"]
[Black "Aronian, Levon"]
[Result "0-1"]
[WhiteTitle "GM"]
[BlackTitle "GM"]
[WhiteElo "2684"]
[BlackElo "2759"]
[WhiteFideId "2040506"]
[BlackFideId "13300474"]
[EventDate "2022.09.14"]
[EventType "k.o."]

1. d4 Nf6 2. c4 e6 3. Nf3 d5 4. g3 dxc4 5. Bg2 c6 6. a4 Bb4+ 7. Bd2 a5 8. Qc1
Bxd2+ 9. Nbxd2 b5 10. b3 cxb3 11. Nxb3 O-O 12. O-O Nd5 13. e4 Ne7 14. Rd1 Ba6
15. Ne5 bxa4 16. Rxa4 Be2 17. Rd2 Bb5 18. Ra3 a4 19. Nc5 Qa5 20. Rb2 Na6 21. h4
Nxc5 22. Qxc5 Qa7 23. Qc3 Rfd8 24. Rb4 Rd6 25. h5 Rad8 26. Nf3 f5 27. e5 Nd5 28.
Qe1 R6d7 29. Rb2 Nb6 30. Rc2 Nc4 31. Rac3 Na5 32. h6 Nb3 33. hxg7 Nxd4 34. Nxd4
Rxd4 35. Rc1 f4 36. gxf4 Rxf4 37. Rg3 Rd7 38. Bh3 Rxg7 39. Bxe6+ Kh8 40. Rc3 Qd4
41. Re3 h5 42. Ba2 Rxg3+ 43. Rxg3 Rg4 44. Kh2 Rxg3 45. Kxg3 Qg4+ 46. Kh2 Qe2 47.
Qxe2 Bxe2 48. Kg3 Bd1 49. f4 Bb3 50. Bb1 a3 51. f5 Kg7 52. Kh4 a2 53. Bxa2 Bxa2
54. Kxh5 c5 55. Kg5 Bd5 56. e6 Kf8 57. Kf4 c4 58. Ke3 Ke7 59. Kd4 Kd6 60. Kc3
Kc5 61. e7 Bf7 62. f6 Kd5 63. Kd2 Kd4 64. Kc2 c3 65. Kc1 Kd3 66. Kd1 c2+ 67. Kc1
Bg6 68. Kb2 Kd2 0-1

[Event "CGC KO 2022"]
[Site "chess.com INT"]
[Date "2022.10.02"]
[Round "3.2"]
[White "Xiong, Jeffery"]
[Black "So, Wesley"]
[Result "1-0"]
[WhiteTitle "GM"]
[BlackTitle "GM"]
[WhiteElo "2690"]
[BlackElo "2771"]
[WhiteFideId "2047640"]
[BlackFideId "5202213"]
[EventDate "2022.09.14"]
[EventType "k.o."]

1. d4 Nf6 2. c4 e6 3. Nc3 Bb4 4. Nf3 O-O 5. Bg5 c5 6. e3 cxd4 7. exd4 h6 8. Bh4
d5 9. Rc1 Nc6 10. a3 Be7 11. c5 Ne4 12. Bxe7 Qxe7 13. Be2 Rd8 14. b4 e5 15. Nxe5
Nxe5 16. dxe5 Nxc3 17. Rxc3 d4 18. Rg3 Qxe5 19. O-O Bf5 20. Bc4 g6 21. Re1 Qc7
22. h4 Re8 23. h5 Rxe1+ 24. Qxe1 Kg7 25. Bd3 Bxd3 26. Rxd3 Rd8 27. hxg6 fxg6 28.
Qe4 Qd7 29. Rg3 g5 30. Qe5+ Kg6 31. Rf3 Kh7 32. Rf6 Re8 33. Rd6 Rxe5 34. Rxd7+
Kg6 35. Rxb7 Kf5 36. Rxa7 Re1+ 37. Kh2 Rc1 38. f3 h5 39. Rd7 Ke5 40. a4 Rc4 41.
b5 Rxc5 42. b6 1-0

[Event "CGC KO 2022"]
[Site "chess.com INT"]
[Date "2022.10.02"]
[Round "3.3"]
[White "Aronian, Levon"]
[Black "Sevian, Samuel"]
[Result "1-0"]
[WhiteTitle "GM"]
[BlackTitle "GM"]
[WhiteElo "2759"]
[BlackElo "2684"]
[WhiteFideId "13300474"]
[BlackFideId "2040506"]
[EventDate "2022.09.14"]
[EventType "k.o."]

1. e4 c5 2. Nf3 d6 3. d4 cxd4 4. Nxd4 Nf6 5. Nc3 a6 6. f3 e5 7. Nb3 Be6 8. Be3
h5 9. Nd5 Bxd5 10. exd5 Nbd7 11. Qd2 Rc8 12. O-O-O g6 13. Kb1 Bg7 14. Be2 Qc7
15. Rc1 Kf8 16. c4 b6 17. g4 Nc5 18. g5 Nfd7 19. Na1 Kg8 20. Nc2 Kh7 21. Nb4
Rhe8 22. h4 Qb7 23. Nc6 Nb8 24. b4 Ncd7 25. Bd3 a5 26. b5 Nc5 27. Bf1 Nbd7 28.
Bh3 Ra8 29. Kc2 a4 30. Kd1 a3 31. Ke2 Ra4 32. Rc2 Kg8 33. Kf1 Qc7 34. Kg2 Kh7
35. Rf1 Kg8 36. Qd1 Rf8 37. Rc1 Raa8 38. Qc2 Rfe8 39. Rce1 Na4 40. Bd2 Ndc5 41.
Re3 Nb2 42. Bb4 Ra4 43. f4 e4 44. f5 Ncd3 45. fxg6 fxg6 46. Be6+ Rxe6 47. dxe6
Nxb4 48. Qxe4 Nxc6 49. Qxc6 Qxc6+ 50. bxc6 Nxc4 51. Re4 d5 52. e7 dxe4 53. e8=Q+
Kh7 54. Rf7 Ne3+ 55. Kh3 Rc4 56. Rxg7+ Kxg7 57. Qd7+ Kf8 58. c7 1-0

[Event "CGC KO 2022"]
[Site "chess.com INT"]
[Date "2022.10.03"]
[Round "3.3"]
[White "Caruana, Fabiano"]
[Black "Andreikin, Dmitry"]
[Result "0-1"]
[WhiteTitle "GM"]
[BlackTitle "GM"]
[WhiteElo "2758"]
[BlackElo "2729"]
[WhiteFideId "2020009"]
[BlackFideId "4158814"]
[EventDate "2022.09.14"]
[EventType "k.o."]

1. e4 e6 2. d4 d5 3. Nc3 Nc6 4. e5 f6 5. Bb5 Bd7 6. Nf3 a6 7. Bxc6 Bxc6 8. O-O
Qd7 9. Ne2 O-O-O 10. b3 Ne7 11. a4 Ng6 12. Nf4 Nxf4 13. Bxf4 g5 14. Bg3 g4 15.
Ne1 f5 16. Nd3 Be7 17. Qd2 Rdg8 18. Bf4 h5 19. Qc3 h4 20. Nc5 Bxc5 21. Qxc5 Kd8
22. Rfd1 Ke8 23. Qc3 Kf7 24. Qe3 Qe7 25. Rd2 Kg6 26. Kf1 a5 27. Ke1 b6 28. Kd1
Bb7 29. Kc1 c5 30. Kb2 c4 31. h3 Qb4 32. Ra3 Kf7 33. c3 Qe7 34. Rd1 Ba6 35. hxg4
Rxg4 36. Qf3 Ke8 37. Rh1 Kd7 38. g3 Rgg8 39. Raa1 cxb3 40. Kxb3 Kc8 41. Kc2 Kb7
42. Kd2 hxg3 43. fxg3 Qc7 44. Rxh8 Rxh8 45. Rh1 Rxh1 46. Qxh1 Qd7 47. Qd1 Qh7
48. Kc2 Bc4 49. Kb2 Ka6 50. Qc2 Qh1 51. Qc1 Qf3 52. Qe3 Qd1 53. Qd2 Qxa4 54. Qc2
Qa2+ 55. Kc1 Qa1+ 56. Kd2 Qf1 57. Ke3 Qe1+ 58. Kf3 Bb5 59. Be3 a4 60. Kf4 Qa1
61. Kg5 a3 62. Bc1 a2 63. Bb2 Qb1 64. Qd2 Bd3 65. Kf6 Bc2 66. Qe2+ b5 67. Qh5
Qxb2 68. Qe8 Qxc3 69. Qa8+ Kb6 70. Qxa2 b4 71. Qa8 b3 72. Qb8+ Ka5 73. Qa7+ Kb4
74. Kxe6 b2 75. Qb6+ Ka3 0-1

[Event "CGC KO 2022"]
[Site "chess.com INT"]
[Date "2022.10.05"]
[Round "3.3"]
[White "Duda, Jan-Krzysztof"]
[Black "Sarana, Alexey"]
[Result "1-0"]
[WhiteTitle "GM"]
[BlackTitle "GM"]
[WhiteElo "2731"]
[BlackElo "2662"]
[WhiteFideId "1170546"]
[BlackFideId "24133795"]
[EventDate "2022.09.14"]
[EventType "k.o."]

1. e4 c5 2. Nf3 d6 3. d4 cxd4 4. Nxd4 Nf6 5. Nc3 a6 6. g3 e5 7. Nb3 Be7 8. Bg5
Nbd7 9. a4 h6 10. Be3 Qc7 11. a5 O-O 12. Bh3 Qc6 13. Bg2 b5 14. axb6 Nxb6 15.
Na5 Qc7 16. O-O Bd7 17. Qd3 Rfb8 18. Rfc1 Ng4 19. Bd2 Qc5 20. Nd1 Be6 21. b4 Qc7
22. h3 Nf6 23. c4 Qd7 24. Kh2 Nc8 25. Ne3 Bd8 26. Nd5 Na7 27. f4 Nc6 28. Nxf6+
Bxf6 29. f5 Nd4 30. fxe6 fxe6 31. Nb3 Nc6 32. Nc5 Qe7 33. Nxa6 Rf8 34. b5 Nd4
35. Nb4 Rxa1 36. Rxa1 Qc7 37. Nc2 Rc8 38. Nxd4 exd4 39. e5 Bxe5 40. Qg6 Rf8 41.
Qxe6+ Kh8 42. Rf1 Rb8 43. Rf7 Qc5 44. Re7 1-0

[Event "CGC KO 2022"]
[Site "chess.com INT"]
[Date "2022.10.05"]
[Round "3.3"]
[White "Giri, Anish"]
[Black "Ponkratov, Pavel"]
[Result "1-0"]
[WhiteTitle "GM"]
[BlackTitle "GM"]
[WhiteElo "2764"]
[BlackElo "2593"]
[WhiteFideId "24116068"]
[BlackFideId "4157800"]
[EventDate "2022.09.14"]
[EventType "k.o."]

1. e4 e6 2. d4 d5 3. Nc3 Nf6 4. e5 Nfd7 5. f4 c5 6. Nf3 Nc6 7. Be3 a6 8. a3 Qc7
9. Qd2 b6 10. Bd3 Be7 11. O-O c4 12. Be2 f5 13. exf6 Nxf6 14. Ne5 b5 15. Bf3 Rb8
16. Rae1 b4 17. axb4 Rxb4 18. f5 Rxb2 19. fxe6 Nb4 20. Bd1 Qa5 21. Nd7 Nd3 22.
Nxf6+ gxf6 23. Bh5+ Kd8 24. Ra1 Qb4 25. Nxd5 Qxd2 26. Bxd2 Rxc2 27. Ba5# 1-0

[Event "CGC KO 2022"]
[Site "chess.com INT"]
[Date "2022.10.02"]
[Round "3.3"]
[White "So, Wesley"]
[Black "Xiong, Jeffery"]
[Result "1-0"]
[WhiteTitle "GM"]
[BlackTitle "GM"]
[WhiteElo "2771"]
[BlackElo "2690"]
[WhiteFideId "5202213"]
[BlackFideId "2047640"]
[EventDate "2022.09.14"]
[EventType "k.o."]

1. e4 c6 2. Nf3 d5 3. Nc3 dxe4 4. Nxe4 Nf6 5. Qe2 Nxe4 6. Qxe4 Nd7 7. Bc4 Nf6 8.
Ne5 e6 9. Qe2 b5 10. Bd3 Qc7 11. a4 Bd6 12. Nxc6 b4 13. Nd4 a6 14. Nf5 Be5 15.
Nxg7+ Kf8 16. Nh5 Nxh5 17. Qxh5 Bb7 18. O-O Rg8 19. f3 f5 20. Qh4 Rg6 21. c3 Kg8
22. Rf2 Rd8 23. Bf1 bxc3 24. bxc3 Kh8 25. d4 Bf6 26. Qf4 Qxc3 27. Bb2 Qb3 28.
Ra3 Qb4 29. Qd2 Qe7 30. Bc4 Qg7 31. Rb3 Rxd4 32. Bxd4 Bxd4 33. Kf1 e5 34. Re2
Qc7 35. Qb4 1-0

[Event "CGC KO 2022"]
[Site "chess.com INT"]
[Date "2022.10.05"]
[Round "3.4"]
[White "Ponkratov, Pavel"]
[Black "Giri, Anish"]
[Result "0-1"]
[WhiteTitle "GM"]
[BlackTitle "GM"]
[WhiteElo "2593"]
[BlackElo "2764"]
[WhiteFideId "4157800"]
[BlackFideId "24116068"]
[EventDate "2022.09.14"]
[EventType "k.o."]

1. e4 c5 2. Nf3 d6 3. d4 cxd4 4. Nxd4 Nf6 5. Nc3 a6 6. Be3 e5 7. Nf3 Be7 8. Nd2
b5 9. a4 b4 10. Nd5 Nxd5 11. exd5 O-O 12. Nc4 Nd7 13. a5 f5 14. Ra4 Rb8 15. Bd2
Rb5 16. Bxb4 Kh8 17. Bxd6 Bxd6 18. Nxd6 Rxb2 19. Nc4 Rb5 20. Be2 Bb7 21. O-O
Rxd5 22. Qc1 Bc6 23. Ra3 f4 24. Rd1 Qg5 25. Bf1 Rc5 26. Rh3 Rxc4 27. Rg3 Qe7 0-1